| 000 | 00925aaa a2200229 a 4500 | ||
|---|---|---|---|
| 001 | 78420 | ||
| 003 | BD-RjUL | ||
| 005 | 20211209083128.0 | ||
| 008 | 210920s19511382ir ||||| |||| 001 0 per d | ||
| 035 | _a(BD-RjUL)78646 | ||
| 040 |
_aBD-RjUL _beng _cBD-RjUL |
||
| 041 | _aper | ||
| 082 |
_223 _a955 _bAMT 1951 |
||
| 100 | 1 |
_a آملى, اوليا الله ;; Āmulī, Awlīyā Allāh, _d active 1362 _9248183 |
|
| 245 | 1 |
_aتاريخ رويان ;; Tārīkh-i Rūyān _cتأليف مولانا اوليا الله آملى ؛ پژوهش و راستينهگردانى افشين پرتو ؛ برگردان نوشتهها و ;; Olya Allah Amoli |
|
| 260 |
_aميرماه، [Tihrān] : _bMīrmāh, _c 1393 [2014] |
||
| 300 |
_a139 p. ; _c22 cm |
||
| 650 |
_zRūyān (Iran) -- History. _9248184 |
||
| 650 |
_zGīlān (Iran : Province) -- History. _9248185 |
||
| 650 |
_aIran -- Gīlān (Province) _9248186 |
||
| 942 |
_2ddc _cBK |
||
| 999 |
_c78420 _d78420 |
||